LDR 00828naa#a2200157#i#450# 001 RU\\bibl\110836 005 20260607154435.7 011 ## _a2074-8183 100 ## _a20260331b2026####ek#y0rusy0150####ca 102 ## _aRU 200 1# _aОТЗЫВ ЧЛЕНА ДИССЕРТАЦИОННОГО СОВЕТА НА ДИССЕРТАЦИЮ С. С. ЛУКЬЯНОВА «КОМПЕТЕНЦИЯ СУДА ПРИ ОСУЩЕСТВЛЕНИИ СУДЕБНОГО КОНТРОЛЯ НА ДОСУДЕБНЫХ СТАДИЯХ УГОЛОВНОГО ПРОЦЕССА» _eЖурнальная статья 210 1# _aВолгоград _cВолгоградская академия МВД России _d2026 215 ## _a3 с. 608 ## _aЖурнальная статья _2local 700 #1 _aБурмагин _gСергей Викторович 856 4# _ava-mvd.editorum.ru _u